00333nam a2200121Ia 4500008004100000041000800041082000800049100001200057245009200069260002300161300000900184520001800193221007s9999 xx 000 0 und d aeng bRAJ aRajan A aRelevance of World - Class Management System to Biotechnolgy for Future Growth in India c2011bHNIMRWaPune a605p aMukherjee P N